| 000 | 01725nam a22004337a 4500 | ||
|---|---|---|---|
| 003 | CHAP | ||
| 005 | 20220817044147.0 | ||
| 008 | 070425d2007 mx a b r 00110 spa d | ||
| 010 | _a93556 | ||
| 011 | _a94528 | ||
| 035 | _a105120 | ||
| 040 | _cCHAP | ||
| 090 | _aTesis | ||
| 100 | 1 | _aMartínez Bernabe, Julián. | |
| 245 | 1 | 0 |
_aCostos y competitividad de mango (Mangifera indica L.) en la región de Tierra Caliente Michoacán _c/por Julián Martínez Bernabe y Nidia Karen de la Trinidad Pérez |
| 260 |
_aChapingo, Méx. : _bEl autor, _c2007. |
||
| 300 |
_a93 h.; _bilus.; mapas.; cuadros. |
||
| 502 | _aTesis (Ing. Agr. Esp. en Economía Agrícola) -- UACH.División de Ciencias Económico Administrativas. | ||
| 530 | _aTambién disponible en línea | ||
| 590 |
_aALEPH _b10 _c20130110 _lUCH01 _h1518 |
||
| 590 |
_aBATCH-UPD _b10 _c20130110 _lUCH01 _h0853 |
||
| 590 |
_aBATCH-UPD _b10 _c20130410 _lUCH01 _h0525 |
||
| 590 |
_aBATCH-UPD _b10 _c20130913 _lUCH01 _h1803 |
||
| 590 |
_aBATCH-UPD _b10 _c20130914 _lUCH01 _h1400 |
||
| 590 |
_aBATCH-UPD _b10 _c20140324 _lUCH01 _h1502 |
||
| 590 |
_aBATCH-UPD _b10 _c20141002 _lUCH01 _h0833 |
||
| 590 |
_aCONVERSION _b10 _c20130109 _lUCH01 _h1352 |
||
| 650 | 0 | 4 |
_aFertilizantes _xEfecto en mango. _940525 |
| 650 | 0 | 4 |
_aMango _xCostos de producción. _970404 |
| 650 | 0 | 4 |
_aMango _xMichoacán. _970436 |
| 650 | 0 | 4 |
_aMango _xPlagas. _970443 |
| 700 | 1 |
_aTrinidad Pérez, Nidia Karen de la. _9115161 |
|
| 856 |
_3Finding aid _uhttp://10.13.5.2/tesis/105120.pdf _zTeclea aqui |
||
| 901 | _aBK | ||
| 905 | _aLuis Gutiérrez Merin | ||
| 942 | _cFOLL | ||
| 949 |
_aTesis _bBC _cTES _d33724002026983 _eTS1 _h46619 _i105120 _sb |
||
| 949 |
_aTesis _bBC _cTES _d33724002026991 _eTS2 _fc.2 _h46620 _i105120 _si |
||
| 999 |
_c93556 _d93556 |
||